Совершенствование методов оценки напряжённого состояния ленточных пил при распиловке древесины; Современные техника и технологии; Т. 1

ग्रंथसूची विवरण
Parent link:Современные техника и технологии: 12-я международная научно-практическая конференция студентов, аспирантов и молодых ученых, г. Томск, 27 марта - 31 марта 2006 г./ Томский политехнический университет.— , 2006
Т. 1.— 2006.— С. 158-159
मुख्य लेखक: Кондратье М. Ю.
अन्य लेखक: Шилько В. К., Кондратюк А. А.
भाषा:रूसी
प्रकाशित: 2006
विषय:
स्वरूप: पुस्तक अध्याय
KOHA link:https://koha.lib.tpu.ru/cgi-bin/koha/opac-detail.pl?biblionumber=113303

MARC

LEADER 00000naa2a2200000 4500
001 113303
005 20231031121758.0
035 |a (RuTPU)RU\TPU\book\122540 
090 |a 113303 
100 |a 20070409d2006 k y0rusy50 ca 
101 0 |a rus 
102 |a RU 
200 1 |a Совершенствование методов оценки напряжённого состояния ленточных пил при распиловке древесины  |f М. Ю. Кондратье, В. К. Шилько, А. А. Кондратюк 
320 |a Библиогр.: 6 назв. 
461 1 |0 (RuTPU)RU\TPU\book\111998  |t Современные техника и технологии  |o 12-я международная научно-практическая конференция студентов, аспирантов и молодых ученых, г. Томск, 27 марта - 31 марта 2006 г.  |o труды в 2 т.  |f Томский политехнический университет  |d 2006 
463 0 |0 (RuTPU)RU\TPU\book\111471  |t Т. 1  |v С. 158-159  |d 2006  |p 524 с. 
610 1 |a напряжённые состояния 
610 1 |a распиловка 
610 1 |a древесина 
610 1 |a методы оценки 
610 1 |a ленточные пилы 
610 1 |a труды учёных ТПУ 
700 1 |a Кондратье  |b М. Ю. 
701 1 |a Шилько  |b В. К. 
701 1 |a Кондратюк  |b А. А. 
801 1 |a RU  |b 63413507  |c 20070409  |g PSBO 
801 2 |a RU  |b 63413507  |c 20141101  |g RCR 
942 |c BK